Statistiques concernant Participe passé des verbes

Cliquez ici pour prendre le quiz!

Statistiques générales

  • Ce quiz a été pris 160 fois
  • Le résultat moyen est 29 sur 36

Statistiques - réponses

InfinitifParticipe passé% Correct
PouvoirPu
95%
Devoir
94%
RecevoirReçu
94%
SavoirSu
94%
VoirVu
94%
ConnaîtreConnu
92%
CroireCru
92%
PerdrePerdu
91%
TenirTenu
91%
VouloirVoulu
91%
BoireBu
90%
PrendrePris
90%
VenirVenu
90%
ComprendreCompris
89%
LireLu
89%
ApprendreAppris
88%
DescendreDescendu
88%
MettreMis
88%
OuvrirOuvert
87%
AsseoirAssis
86%
OffrirOffert
86%
VivreVécu
86%
SouffrirSouffert
82%
DécouvrirDécouvert
78%
ConduireConduit
74%
ProduireProduit
74%
ConstruireConstruit
72%
TraduireTraduit
70%
DireDit
69%
RireRi
69%
ÉcrireÉcrit
68%
SuivreSuivi
65%
ÊtreÉté
62%
FaireFait
62%
AvoirEu
61%
Naître
54%

Distribution des résultats

Percentile par nombre de réponses

% des personnes avec chaque résultat

Votre développement - résultats

Vous n’avez pas pris ce quiz